Los límites del contrato de trabajo en la jurisprudencia española

Enregistré dans:
Détails bibliographiques
Auteur principal: Selma Penalva, Alejandra (Auteur)
Format: Livre
Langue:espagnol
Publié: Valencia Tirant lo Blanch 2007
Collection:Tirant Monografías, 482
Sujets:
Tags: Ajouter un tag
Pas de tags, Soyez le premier à ajouter un tag!

MARC

LEADER 00000nam a2200000 a 4500
001 UCI3897
003 CL-VaPUC
008 071207e20070000SP |||||||||||||||||spa|d
020 |a 9788484568445 
082 0 4 |a 344.01  |b SEL  |2 21 
100 0 |a Selma Penalva, Alejandra  |e author  |9 525438 
245 1 4 |a Los límites del contrato de trabajo en la jurisprudencia española 
300 |a 422 p 
942 |c BK 
945 |d 20071207 00:00:00  |a rbrito 
260 |a Valencia  |b Tirant lo Blanch  |c 2007 
650 7 |a DERECHO LABORAL  |2 CL-VaPUC  |9 15 
650 7 |a CONTRATO DE TRABAJO  |2 CL-VaPUC  |9 525439 
650 0 |a Trabajadores  |9 260887 
650 0 |a Jurisprudencia  |9 255952 
650 0 |a Flexibilidad laboral  |9 490185 
583 |a last modification  |c 20170801 04:36:03  |k Rodrigo Vera 
490 0 |a Tirant Monografías, 482 
999 |c 327927  |d 327925 
952 |0 0  |1 0  |4 0  |6 344_010000000000000_SEL_2007  |7 0  |8 A  |9 411495  |a BIBDER  |b BIBDER  |d 2019-11-22  |i 4394151  |o 344.01 SEL 2007  |p 4394151  |r 2023-01-25  |w 2019-11-22  |y BK  |k DER